The Time Machine (Record no. 728)

MARC details
000 -LEADER
fixed length control field 00274nam a2200109 4500
008 - FIXED-LENGTH DATA ELEMENTS--GENERAL INFORMATION
fixed length control field 160624b xxu||||| |||| 00| 0 eng d
100 ## - MAIN ENTRY--PERSONAL NAME
9 (RLIN) 916
Personal name Wells, H. G
245 ## - TITLE STATEMENT
Title The Time Machine
260 ## - PUBLICATION, DISTRIBUTION, ETC. (IMPRINT)
Place of publication, distribution, etc. N.Y
Name of publisher, distributor, etc. Fawcett Premier
Date of publication, distribution, etc. 1968
300 ## - PHYSICAL DESCRIPTION
Extent The Time Machine
942 ## - ADDED ENTRY ELEMENTS (KOHA)
Source of classification or shelving scheme Dewey Decimal Classification
Koha item type BOOK
Holdings
Withdrawn status Lost status Source of classification or shelving scheme Damaged status Not for loan Home library Current library Shelving location Date acquired Total Checkouts Full call number Barcode Date last seen Date last checked out Price effective from Koha item type
    Dewey Decimal Classification     Good Samaritan School Library Good Samaritan School Library FICTION 06/24/2016 2 823 WEL1444 11/29/2017 11/22/2017 06/24/2016 BOOK

Powered by Koha